Top Pop Artists - Statistics

General Stats
  • This quiz has been taken 56 times
  • The average score is 10 of 12
Answer Stats
Picture Answer % Correct
Taylor Swift
100%
Ed Sheeran
96%
Harry Styles
94%
Justin Bieber
92%
Rihanna
92%
The Weeknd
92%
Ariana Grande
91%
Dua Lipa
87%
Lady Gaga
85%
Olivia Rodrigo
83%
Tate McRae
55%
Benson Boone
45%
No matching quizzes found
Score Distribution
Percent of People with Each Score
Percentile by Number Answered
Your Score History
You have not taken this quiz